| 000 | 00464nam a22001457a 4500 | ||
|---|---|---|---|
| 082 |
_a954.03 _bTHO |
||
| 100 | 1 |
_aThompson, Edward John, _950380 |
|
| 245 | 1 | 0 |
_aRise and fulfilment of British rule in India _cby Edward Thompson and G.T. Garratt. |
| 260 |
_aLondon : _bMacmillan and Co., _c1934. |
||
| 300 |
_axii, 690 p. : _bmaps ; _c23 cm. |
||
| 526 |
_a0 _b0 _c0 _d954_030000000000000_THO |
||
| 650 |
_aMCE _9379 |
||
| 700 | 1 |
_aGarratt, G. T. _950437 |
|
| 942 |
_2ddc _cBK |
||
| 999 |
_c553170 _d553170 |
||